书目信息 |
| 题名: |
2001全国职业培训教学研究优秀论文选编
|
|
| 作者: | ;全国职业培训教学工作指导委员会 编 | |
| 分册: | ||
| 出版信息: | 北京 中央广播电视大学出版社 2002.06 |
|
| 页数: | 434页 | |
| 开本: | 20cm | |
| 丛书名: | ||
| 单 册: | ||
| 中图分类: | G719 | |
| 科图分类: | ||
| 主题词: | 教育--类型 | |
| 电子资源: | ||
| ISBN: | 978-7-304-02276-1 | |
| 000 | 00797nam0 2200229 45 | |
| 001 | 0950644572 | |
| 005 | 20091111164935.68 | |
| 010 | @a978-7-304-02276-1@dCNY16.80 | |
| 100 | @a20090515d2002 ekmy0 y0120 ea | |
| 102 | @aCN@b130000 | |
| 102 | @aCN@b110000 | |
| 105 | @ay z 000yy | |
| 200 | 1 | @a2001全国职业培训教学研究优秀论文选编@f全国职业培训教学工作指导委员会编@Fquan guo zhi ye pei xun jiao xue gong zuo zhi dao wei yuan hui bian |
| 210 | @a北京@c中央广播电视大学出版社@d2002.06 | |
| 210 | @a北京@c中央广播电视大学出版社 | |
| 215 | @a434页@d20cm | |
| 606 | 0 | @a教育@x类型 |
| 690 | @aG719@v4 | |
| 711 | 02 | @a全国职业培训教学工作指导委员会@Aquan guo zhi ye pei xun jiao xue gong zuo zhi dao wei yuan hui@4编 |
| 801 | 0 | @aCN@c20091111 |
| 905 | @a10447@dG719@eZ190 | |
| 906 | @d17@n1@r1 | |
| 2001全国职业培训教学研究优秀论文选编/全国职业培训教学工作指导委员会编.-北京:中央广播电视大学出版社,2002.06.-北京:中央广播电视大学出版社 |
| 434页;20cm |
| ISBN 978-7-304-02276-1:CNY16.80 |
| ● |
| 相关链接 |
|
|
|
正题名:2001全国职业培训教学研究优秀论文选编
索取号:G719/Z190
 
预约/预借
| 序号 | 登录号 | 条形码 | 馆藏地/架位号 | 状态 | 备注 |
| 1 | 894111 | 208941118 | 社科库409/409社科库 16排3列1层/ [索取号:G719/Z190] | 在馆 |